000 00647nam a2200253Ia 4500
003 OSt
005 20221005062833.0
006 a|||||r|||| 00| 0
007 ta
008 221004b |||||||| |||| 00| 0 eng d
024 _a35175
037 _cTextual
040 _aCRL
_cCRL
_beng
041 _2eng
_aeng
082 _aU8.247, M9
100 _aMattoo Neerja
_9602265
245 0 _aKashmir Jammu and Ladakh
_b Trefoil land
260 _aLondon
_bSpanleeh
_c1989
300 _a129p
_ccm.
650 _a GEOGRAPHY
650 _aGEOGRAPHY
942 _hU8.247, M9
_cTEXL
_2cc
999 _c970332
_d970332